| 000 | 00750nam a22002537a 4500 | ||
|---|---|---|---|
| 003 | CHAP | ||
| 005 | 20220329140526.0 | ||
| 008 | 971013s r 00010 d | ||
| 010 | _a53345 | ||
| 011 | _a54317 | ||
| 035 | _a58468 | ||
| 040 | _cCHAP | ||
| 090 | _aR-1748 | ||
| 100 | 0 | 0 |
_aWeinberger, J. H. _9121368 |
| 245 | _aChilling requirements of peach varieties | ||
| 500 | _aSobretiro de: Proc. An Soc. for Hort. Sci. 56:122-128, 1950 | ||
| 590 |
_aBATCH-UPD _b10 _c20130109 _lUCH01 _h2355 |
||
| 590 |
_aBATCH-UPD _b10 _c20130110 _lUCH01 _h0507 |
||
| 590 |
_aCONVERSION _b10 _c20130109 _lUCH01 _h1329 |
||
| 650 | 1 | 4 |
_aTemperatura _xEfecto en durazno. _9112190 |
| 901 | _aBK | ||
| 942 | _cREIMP | ||
| 949 |
_aR-1748 _bBC _cR _d-126881 _eTS1 _i58468 _si |
||
| 999 |
_c53345 _d53345 |
||